International marketing
| Main Author: | |
|---|---|
| Format: | Book |
| Published: |
Boston:
Irwin,
1993.
|
| Edition: | 8th. ed. |
| Subjects: |
| LEADER | 00450cam a2200169 7i4500 | ||
|---|---|---|---|
| 001 | 0000003361 | ||
| 005 | 19991025090000.0 | ||
| 002 | ##000004725 | ||
| 020 | 0 | 0 | |a 0-256-12874-x |
| 090 | 0 | 0 | |a B 658.848 |b INT |
| 100 | 1 | 0 | |a Cateora |
| 245 | 1 | 0 | |a International marketing |c Philip R. Cateora. |
| 250 | 0 | 0 | |a 8th. ed. |
| 260 | 0 | 0 | |a Boston: |b Irwin, |c 1993. |
| 300 | 0 | 0 | |a 776 p.. |
| 650 | 0 | 0 | |a Export marketing |
| 999 | |a 0000005306 |b Book |c Open shelf |e Business Information Centre | ||


